00570nam a2200169 i 450000100060000000300090000600500170001500700030003200800410003510000210007624501390009726000500023630000300028670000210031670000320033785200310036955328ES-MaACL20230906163125.0t|030917s1928 sp ||||1| spa d1 aDeniker, Michel.10aCompendios de medicina y cirugía... ginecología / cpor Michel Deniker y Lucienne Meurs ; traducido por Antonio de Soroa y Pineda. aMadrid : b[s.n.], c1928 (fImp. Cervantina) aVIII, 9-161 p. ; c17 cm.1 aMeurs, Lucienne.0 aSoroa y Pineda, Antonio de. aES-MaACLjB-9755 bR.18546